000 00486nab a2200205 a 4500
001 24467
003 80818
005 20201118100434.0
008 ||||||n9999 ||| || ||
041 _aspa
245 0 _aChile: un buen aliado
260 _aBogotá :
_bRetina,
_c1995.
300 _app. 25
562 _e0
650 _aCOMERCIO EXTERIOR
650 _aECONOMÍA
650 _aINVERSIONES EXTRANJERAS
773 _024458
_aSintesis Economica - No.974
942 _cSART
999 _c24467
_d24467